Estudio de implantación y rendimiento de agropiro, mijo perenne y pasto llorón en el sudoeste bonaerense /

Guardado en:
Autor Principal: Braun, Federico.
Autor Corporativo: Universidad Nacional del Sur. Departamento de Agronomía.
Otros Autores: Baioni, Sandra, (tutor.)
Formato: Libro
Idioma:Spanish
Publicado: Bahía Blanca, 2019.
Materias:
Etiquetas: Agregar Etiqueta
Sin Etiquetas, Sea el primero en etiquetar este registro!
LEADER 00995nam a22002415a 4500
001 EEA.libagro011165
005 20190829090407.0
008 190828s2019####ag############000#0#spa#d
082 0 4 |a 633.208 
100 1 |a Braun, Federico. 
245 1 0 |a Estudio de implantación y rendimiento de agropiro, mijo perenne y pasto llorón en el sudoeste bonaerense /  |c Federico Braun. 
260 |a Bahía Blanca,  |c 2019. 
300 |a 51 h. :  |b il., fot. col. ;  |c 30 cm. 
500 |a Trabajo de intensificación (Ingeniero Agrónomo) -- Universidad Nacional del Sur. Departamento de Agronomía, 2019. 
650 7 |a Agropyron  |2 agrovoc 
650 7 |a Panicum coloratum  |2 agrovoc 
650 7 |a Eragrostis curvula  |2 agrovoc 
650 7 |a Forrajes  |2 agrovoc 
651 7 |a Sudoeste bonaerense  |2 Catalis autoridades 
653 |a Implantación de pasturas 
700 1 |a Baioni, Sandra,  |e tutor. 
710 2 |a Universidad Nacional del Sur.  |b Departamento de Agronomía. 
859 |a AR-BbBCA  |b BIB. AGRONOMIA  |h 633.208  |i B825  |p 2019/7070